000 00578nam a22001937a 4500
999 _c64010
_d64010
003 Ge_BSU
005 20260309120131.0
008 260309s1999 enk||||| |||| 00| 0 eng d
020 _a9780415201698x
041 _aeng
080 _a001.89:316.74(520) C-69
100 _aColeman, Samuel
_927085
245 _aJapanese Science:
_bFrom the Inside /
_cSamuel Coleman
264 _aLondon :
_bRoutledge,
_c1999.
300 _a214 p.;
_b24 cm.
504 _aBibliogr. p.196-206
653 _aიაპონური მეცნიერება
942 _2udc
_cᲬᲘᲒᲜᲘ